000
00348 a2200169 4500
001
192500
020
_a
978-85-206-1681-1
040
_c
Magnum
100
_a
França, Mary
240
1
0
_a
A roupa do rei
_l
por
245
1
0
_a
A roupa do rei
300
_a
16
362
0
_a
2012
440
1
_a
Global
697
_a
LITERATURA INFANTIL
942
_c
BK
999
_c
192500
_d
192500